header

Random processes in physics and finance (Record no. 22105)

MARC details
000 -LEADER
fixed length control field 01268nam a2200337Ia 4500
100 1# - MAIN ENTRY--AUTHOR NAME
Personal name Lax, Melvin J.
245 10 - TITLE STATEMENT
Title Random processes in physics and finance
260 ## - PUBLICATION, DISTRIBUTION, ETC. (IMPRINT)
Place of publication Oxford ;
-- New York :
Name of publisher Oxford University Press,
Year of publication 2006.
300 ## - PHYSICAL DESCRIPTION
Number of Pages xiii, 327 p. :
Other physical details ill.
490 1# - SERIES STATEMENT
Series statement Oxford finance
650 #0 - SUBJECT ADDED ENTRY--TOPICAL TERM
Topical Term Stochastic processes.
Topical Term Finance
700 1# - ADDED ENTRY--PERSONAL NAME
Personal name Cai, Wei.
Personal name Xu, Min.
856 40 - ELECTRONIC LOCATION AND ACCESS
Uniform Resource Identifier http://site.ebrary.com/lib/rucke/Doc?id=10271390

No items available.

© 2026 Rongo University
Contact us: librarian | system librarian | Rongo university